000 00509nam a2200181Ia 4500
008 090124s9999 xx 000 0 und d
082 _b21936
_a2618
100 _aजाधव रा. ग.
245 _a वाङमयीन अकालन
250 _a1
260 _c1977
300 _a111
600 _aजाधव रा. ग.
630 _a वाङमयीन अकालन
700 _aजाधव रा. ग.
730 _a वाङमयीन अकालन
942 _cBOOK
999 _c135583
_d135583